[Event "Hampstead op U2200 11-B"]
[Site "Hampstead"]
[Date "2013.11.30"]
[Round "2"]
[White "Anbakumar, Hajane"]
[Black "Oyama, Harunobu"]
[Result "1-0"]
[WhiteElo "1651"]
[BlackElo "1558"]
[PlyCount "87"]
[EventDate "2013.11.30"]
[EventType "swiss"]
[EventRounds "5"]
[EventCountry "ENG"]
[SourceTitle "EXT 2015"]
[Source "ChessBase"]
[SourceDate "2014.11.20"]
[SourceVersion "1"]
[SourceVersionDate "2014.11.20"]
[SourceQuality "1"]

1. d4 Nf6 2. Nf3 g6 3. g3 Bg7 4. Bg2 d6 5. 0-0 0-0 6. c4 Na6 7. a3 Rb8 8. Nc3 Bd7 9. Qc2 c5 10. Rd1 cxd4 11. Nxd4 Nc5 12. b4 Ne6 13. Nxe6 Bxe6 14. c5 Bf5 15. Qb3 Be6 16. Qc2 d5 17. Bb2 Qc8 18. Nxd5 Bxd5 19. Bxd5 Nxd5 20. Bxg7 Rd8 21. Be5 Ra8 22. Rd3 Qe6 23. Qb2 f6 24. Bd4 Qg4 25. f3 Qh3 26. Bf2 Kg7 27. e4 Nc7 28. Rad1 Rxd3 29. Rxd3 g5 30. Qd2 Ne6 31. Rd7 Re8 32. Qd3 h5 33. Qf1 Qxf1+ 34. Kxf1 Nd8 35. f4 Kf7 36. f5 Rh8 37. b5 Ke8 38. Rc7 h4 39. g4 Rf8 40. c6 bxc6 41. bxc6 e5 42. Bxa7 Rf7 43. Rxf7 Kxf7 44. c7 1-0